Statistics for World Capitals Closest to Recife

Click here to take the quiz!

General Stats

  • This quiz has been taken 782 times
    (765 since last reset)
  • The average score is 12 of 20

Answer Stats

kmcapitalmiles% Correct
1656Brasilia1029
94%
3690Montevideo2293
85%
3069Georgetown1907
84%
2738Paramaribo1702
81%
3734La Paz2320
79%
3081Asuncion1914
75%
3191Dakar1983
65%
3614Port-of-Spain2246
64%
3024Freetown1879
62%
3118Monrovia1937
57%
3077Bissau1912
53%
3055Conakry1898
51%
3134Banjul1947
50%
3610Bridgetown2243
49%
2850Praia1771
49%
3762Bamako2338
46%
3750Kingstown2330
45%
3724St Georges2314
43%
3578Nouakchott2223
42%
3678Yamoussoukro2286
40%

Score Distribution

Percentile by Number Answered

Percent of People with Each Score

Your Score History

You have not taken this quiz since the last reset